| 000 | 01096nam0a22002651 4500 | ||
|---|---|---|---|
| 001 | rc\1080168 | ||
| 005 | 20041126173607.2 | ||
| 035 | _a(NLR Aleph) 006328593 | ||
| 090 |
_a7521097 _c7521097 |
||
| 100 | _a20041126d1983 u |0rusy50 ca | ||
| 101 | 0 | _arus | |
| 102 | _aRU | ||
| 105 | _aa ||||||||| | ||
| 200 | 1 |
_aСовершенствование мер борьбы с болезнями мелкого и крупного рогатого скота _e[Сб. статей _fОтв. ред. к. вет. н. Е.П. Наймытенко] |
|
| 210 |
_aХарьков _cХарьк. с.-х. ин-т _d1983 (вып. дан. 1984) |
||
| 215 |
_a87, 6 с. _cил. _d25 |
||
| 225 | 1 |
_aСборник научных трудов _fХарьк. с.-х. ин-т им. В.В. Докучаева _vТ. 296 |
|
| 300 | _aВ надзаг. также: М-во сел. хоз-ва СССР | ||
| 320 | _aБиблиогр. в конце статей | ||
| 702 | 1 |
_aНаймытенко _bЕ. П. _4340 |
|
| 801 | 0 |
_aRU _bNLR _gpsbo |
|
| 801 | 1 |
_aRU _bELAR _2rusmarc |
|
| 852 |
_aNLR _jП31/561 |
||
| 942 | _cBOOK | ||
| 980 | _aNB | ||